| 000 | 00869nam a2200277 a 4500 | ||
|---|---|---|---|
| 001 | 66195 | ||
| 003 | BD-RjUL | ||
| 005 | 20211209081517.0 | ||
| 008 | 830411s1984 enk b 001 0 eng d | ||
| 020 | _a0521255988 | ||
| 020 | _a0521319781 (pbk.) | ||
| 035 | _a(BD-RjUL) 66325 | ||
| 040 |
_aBD-RjUL _cBD-RjUL _dBD-RjUL _beng |
||
| 041 | _aeng | ||
| 060 | _aW 740 M823L | ||
| 082 | 0 | 0 |
_a614.1 _223 _bMOL 1984 |
| 100 | 1 |
_aMoore, Michael S., _d1943- _9195887 |
|
| 245 | 1 | 0 |
_aLaw and psychiatry : _brethinking the relationship / _cMichael S. Moore. |
| 260 |
_aCambridge [Cambridgeshire] ; _aNew York : _bCambridge University Press, _c1984. |
||
| 300 |
_axiv, 527 p. ; _c25 cm. |
||
| 504 | _aIncludes bibliography and index. | ||
| 650 | 0 |
_aForensic psychiatry. _9195888 |
|
| 650 | 0 |
_aInsanity (Law) _9195889 |
|
| 650 | 2 |
_aForensic psychiatry. _9195888 |
|
| 942 |
_2ddc _cBK |
||
| 999 |
_c66195 _d66195 |
||